000 00585cam a22002051 4500
001 sa 68002106
003 DLC
005 20260227112440.0
008 710903s1965 ii 000 0 eng
010 _asa 68002106
025 _aPL480:I-E-8947
040 _aDLC
_cDLC
_dDLC
050 0 0 _aPL4758
_b.M35
100 1 _aMeenakshi Sundaram, P.
245 1 0 _aHistory of Tamil literature,
_cby P. Meenakshi Sundaram.
260 _aHyderabad-Dn,
_bMarathi Sahitya Parishad
_c[1965]
300 _a101, 110 p.
_c22 cm.
350 _aRs9
650 0 _aTamil literature
_xHistory and criticism.
999 _c78463
_d78463